[Event "British Chess Championships 2023: U12 Championship"]
[Site "The Venue, De Montfort University, 20 Western Boulevard, Leicester, LE2 7BU"]
[Date "2023.07.29"]
[Round "7"]
[Board "23"]
[White "Wang, Yuan Ya"]
[Black "Fang, Brandon Jun Qiao"]
[Result "1-0"]
[WhiteElo "1130"]
[BlackElo "1404"]
[PlyCount "73"]
[EventDate "2023.07.25"]
[EventRounds "7"]
[EventCountry "ENG"]

1. e4 c5 2. f4 d6 3. Nf3 Bg4 4. Bb5+ Nc6 5. d3 a6 6. Bxc6+ bxc6 7. Nc3 Nf6 8. Be3
e6 9. O-O d5 10. e5 Nd7 11. d4 cxd4 12. Bxd4 c5 13. Bf2 Be7 14. h3 Bxf3 15. Qxf3
O-O 16. Bg3 f6 17. Qg4 f5 18. Qf3 Rb8 19. Rab1 d4 20. Ne2 Nb6 21. Rfd1 Nc4 22. b3
Ne3 23. Rd2 Qa5 24. Rd3 Qxa2 25. Rc1 Rfd8 26. Qc6 Kf7 27. Qc7 Rbc8 28. Qb7 Nxc2 29.
Bh4 Nb4 30. Qxe7+ Kg8 31. Qxe6+ Kh8 32. Bxd8 Rxd8 33. Qe7 Rg8 34. Rg3 Qxe2 35. Rxc5
Qd1+ 36. Kh2 Qe1 37. Qxg7+  1-0

[Event "British Chess Championships 2023: U12 Championship"]
[Site "The Venue, De Montfort University, 20 Western Boulevard, Leicester, LE2 7BU"]
[Date "2023.07.29"]
[Round "7"]
[Board "24"]
[White "Eccleston, Rowan"]
[Black "Sandhu, Rohan"]
[Result "1/2-1/2"]
[WhiteElo "1028"]
[BlackElo "926"]
[PlyCount "69"]
[EventDate "2023.07.25"]
[EventRounds "7"]
[EventCountry "ENG"]

1. f4 d6 2. Nf3 Nf6 3. e3 g6 4. Nc3 Bg7 5. Rb1 c5 6. b3 O-O 7. Bb2 Nc6 8. Bb5 Bd7
9. Bxc6 Bxc6 10. O-O a6 11. Qe1 Ne4 12. Nxe4 Bxb2 13. Rxb2 Bxe4 14. Qh4 f6 15. d3
Bxf3 16. Rxf3 e5 17. f5 g5 18. Qc4+ Kh8 19. Rb1 b5 20. Qg4 Qa5 21. a4 bxa4 22. Qxa4
Qxa4 23. bxa4 Rab8 24. Rff1 h5 25. e4 h4 26. h3 a5 27. Rb5 Rxb5 28. axb5 Rb8 29.
Rb1 Kg8 30. c4 Kg7 31. Kf2 Kh6 32. g4 hxg3+ 33. Kxg3 Kh5 34. Rh1 a4 35. Ra1  1/2-1/2

[Event "British Chess Championships 2023: U12 Championship"]
[Site "The Venue, De Montfort University, 20 Western Boulevard, Leicester, LE2 7BU"]
[Date "2023.07.29"]
[Round "7"]
[Board "25"]
[White "Chu, Edward"]
[Black "Nilim, Armaan"]
[Result "0-1"]
[WhiteElo "1550"]
[BlackElo "1351"]
[PlyCount "50"]
[EventDate "2023.07.25"]
[EventRounds "7"]
[EventCountry "ENG"]

1. d4 d5 2. c4 dxc4 3. Nc3 e5 4. d5 Nf6 5. e4 b5 6. Bg5 Bc5 7. Nxb5 Bxf2+ 8. Ke2
Bxg1 9. h3 Bb6 10. Qa4 O-O 11. Qxc4 Ba6 12. Re1 Bxb5 13. Qxb5 Qd7 14. Qd3 Ne8 15.
Rc1 Nd6 16. b3 Qb5 17. Qxb5 Nxb5 18. Be3 Nd4+ 19. Kd3 Nd7 20. Rc4 Rac8 21. g3 Nc5+
22. Kc3 Nxe4+ 23. Kd3 Nxg3 24. Rg1 e4+ 25. Kc3 Nde2+  0-1

[Event "British Chess Championships 2023: U12 Championship"]
[Site "The Venue, De Montfort University, 20 Western Boulevard, Leicester, LE2 7BU"]
[Date "2023.07.29"]
[Round "7"]
[Board "26"]
[White "Tomy, Judith"]
[Black "Ranasinghe, Chaniru"]
[Result "0-1"]
[WhiteElo "1291"]
[BlackElo "1524"]
[PlyCount "78"]
[EventDate "2023.07.25"]
[EventRounds "7"]
[EventCountry "ENG"]

1. e4 c5 2. Nf3 d6 3. c3 Nf6 4. Be2 Nc6 5. d4 cxd4 6. cxd4 e6 7. d5 exd5 8. exd5
Qa5+ 9. Nc3 Ne7 10. Bb5+ Bd7 11. Qa4 Qxa4 12. Bxa4 Bxa4 13. Nxa4 Nexd5 14. O-O Be7
15. Bg5 O-O 16. Nh4 h6 17. Bd2 Ne4 18. Nf3 Bf6 19. Rfe1 Nxd2 20. Nxd2 b5 21. Nc3
Nxc3 22. bxc3 Bxc3 23. Rad1 Rfe8 24. Re4 Bxd2 25. Rxe8+ Rxe8 26. g3 Re1+ 27. Rxe1
Bxe1 28. Kf1 Bc3 29. Ke2 d5 30. Kd3 d4 31. a3 a5 32. a4 b4 33. Kc4 Kf8 34. f4 Ke7
35. Kb3 d3 36. f5 d2 37. g4 d1=Q+ 38. Kc4 Kd6 39. h3 Qd5#  0-1

[Event "British Chess Championships 2023: U12 Championship"]
[Site "The Venue, De Montfort University, 20 Western Boulevard, Leicester, LE2 7BU"]
[Date "2023.07.29"]
[Round "7"]
[Board "27"]
[White "Brown, John"]
[Black "Tagg, George"]
[Result "1-0"]
[WhiteElo "1486"]
[BlackElo "1253"]
[PlyCount "79"]
[EventDate "2023.07.25"]
[EventRounds "7"]
[EventCountry "ENG"]

1. e4 e5 2. Nf3 Nc6 3. Bc4 Bc5 4. c3 Nf6 5. d3 d5 6. exd5 Nxd5 7. Qb3 Be6 8. Qxb7
Na5 9. Qb5+ c6 10. Qxc5 Qb6 11. Qxb6 axb6 12. Bxd5 cxd5 13. Nxe5 O-O 14. Nd2 Rfe8
15. d4 Bd7 16. O-O Bb5 17. Re1 f6 18. Nef3 Rxe1+ 19. Nxe1 Re8 20. Ndf3 g5 21. Bd2
Nc4 22. a4 Ba6 23. g4 Nxb2 24. Nc2 Be2 25. Kg2 Nc4 26. Be3 Kg7 27. Re1 Bd3 28. Nb4
Be4 29. Kg3 Kg6 30. Nd2 f5 31. gxf5+ Kxf5 32. Nxc4 dxc4 33. Bd2 h5 34. f3 h4+ 35.
Kg2 h3+ 36. Kf2 Kg6 37. Rxe4 Rf8 38. Re6+ Kh5 39. Rxb6 g4 40. Rh6#  1-0

[Event "British Chess Championships 2023: U12 Championship"]
[Site "The Venue, De Montfort University, 20 Western Boulevard, Leicester, LE2 7BU"]
[Date "2023.07.29"]
[Round "7"]
[Board "28"]
[White "Paintin, Zac"]
[Black "Murthy, Arush Ajai"]
[Result "0-1"]
[WhiteElo "1458"]
[BlackElo "1178"]
[PlyCount "116"]
[EventDate "2023.07.25"]
[EventRounds "7"]
[EventCountry "ENG"]

1. d4 Nf6 2. Bf4 g6 3. e3 Bg7 4. Nc3 a6 5. Nf3 O-O 6. Bd3 d5 7. O-O b6 8. Re1 Bb7
9. Qd2 Nbd7 10. Rad1 Nh5 11. e4 Nxf4 12. Qxf4 dxe4 13. Bxe4 Bxe4 14. Qxe4 Re8 15.
Re2 Nf6 16. Qc6 Qd6 17. Qxd6 exd6 18. Rde1 Rxe2 19. Rxe2 Kf8 20. h3 Re8 21. Rxe8+
Kxe8 22. a4 Kd7 23. Kh2 h6 24. b4 Ke6 25. g4 Nd5 26. Nxd5 Kxd5 27. Kg3 Bxd4 28. Nxd4
Kxd4 29. Kh4 Ke5 30. Kg3 f5 31. f3 fxg4 32. Kxg4 c5 33. bxc5 dxc5 34. f4+ Kf6 35.
h4 h5+ 36. Kg3 Kf5 37. Kf3 b5 38. axb5 axb5 39. Ke3 Kg4 40. Ke4 Kxh4 41. Kf3 c4 42.
c3 Kh3 43. Ke3 Kg3 44. Ke2 Kxf4 45. Kf2 Ke4 46. Kg3 Kd3 47. Kh4 Kxc3 48. Kg5 Kd3
49. Kxg6 c3 50. Kxh5 c2 51. Kg5 c1=Q+ 52. Kf5 b4 53. Ke5 b3 54. Kd5 b2 55. Ke5 b1=Q
56. Kd5 Qb5+ 57. Kd6 Qcc6+ 58. Ke7 Qbb7+  0-1

[Event "British Chess Championships 2023: U12 Championship"]
[Site "The Venue, De Montfort University, 20 Western Boulevard, Leicester, LE2 7BU"]
[Date "2023.07.29"]
[Round "7"]
[Board "29"]
[White "Ho, Magus"]
[Black "Czarnuch, Dominic"]
[Result "0-1"]
[WhiteElo "1071"]
[BlackElo "1209"]
[PlyCount "84"]
[EventDate "2023.07.25"]
[EventRounds "7"]
[EventCountry "ENG"]

1. e4 e5 2. Nf3 Nc6 3. Bb5 a6 4. Ba4 Bc5 5. Nxe5 Bxf2+ 6. Kxf2 Nxe5 7. d4 Ng6 8.
Rf1 Nf6 9. Nc3 O-O 10. Kg1 c6 11. Bg5 h6 12. e5 hxg5 13. exf6 gxf6 14. Qf3 Kg7 15.
Ne4 f5 16. Qxf5 f6 17. Nc5 Nf4 18. Rxf4 gxf4 19. c4 d6 20. Ne6+ Bxe6 21. Qxe6 f5
22. Bc2 Rf6 23. Qe2 Qe8 24. Qf3 Qe3+ 25. Qf2 Re8 26. Qxe3 fxe3 27. Rf1 f4 28. Re1
f3 29. gxf3 Rxf3 30. Bd1 Rf4 31. d5 Rxc4 32. dxc6 bxc6 33. Be2 Rf4 34. Bd1 d5 35.
Ba4 Rxa4 36. Kg2 Rae4 37. Kf3 d4 38. Rd1 e2 39. Rh1 e1=Q 40. Rg1+ Qxg1 41. a4 Re3+
42. Kf4 Rf8#  0-1

[Event "British Chess Championships 2023: U12 Championship"]
[Site "The Venue, De Montfort University, 20 Western Boulevard, Leicester, LE2 7BU"]
[Date "2023.07.29"]
[Round "7"]
[Board "30"]
[White "Van Neerven, Yvon"]
[Black "Hilmi, Sofia"]
[Result "0-1"]
[WhiteElo "1228"]
[BlackElo "1128"]
[PlyCount "136"]
[EventDate "2023.07.25"]
[EventRounds "7"]
[EventCountry "ENG"]

1. d4 d5 2. Bf4 Nc6 3. e3 a6 4. Nf3 Bg4 5. h3 Bh5 6. Nbd2 Nf6 7. Qc1 e6 8. c4 Bxf3
9. Nxf3 Bb4+ 10. Ke2 Be7 11. a3 Ne4 12. Nd2 Nxd2 13. Kxd2 Na5 14. Qc2 O-O 15. Rd1
Bd6 16. Bxd6 cxd6 17. Qa4 dxc4 18. Bxc4 b5 19. Bxb5 axb5 20. Qxb5 d5 21. Ke1 Nc4
22. Qb3 Rb8 23. Qc3 Nxb2 24. Ra1 Nc4 25. Kf1 Qa5 26. Qd3 Ra8 27. h4 Rfb8 28. Rh3
Nd2+ 29. Kg1 Nb3 30. Rd1 Qxa3 31. Rg3 Qa6 32. Qc2 Qc4 33. Qb2 h6 34. e4 Na5 35. Qd2
Kf8 36. Qf4 Rb3 37. Qd6+ Kg8 38. Rg4 Rd3 39. Rxd3 Qxd3 40. Rg3 Qxe4 41. h5 Qxd4 42.
Kh2 Qh4+ 43. Kg1 Qxh5 44. Qf4 Nc4 45. Qf6 g6 46. Rf3 g5 47. Rh3 Qg6 48. Qd4 Ra3 49.
Rh1 Rb3 50. g3 Rb1+ 51. Kh2 Qh5+ 52. Qh4 Qxh4+ 53. gxh4 Rxh1+ 54. Kxh1 d4 55. hxg5
d3 56. gxh6 Kh7 57. f4 d2 58. f5 e5 59. f6 d1=Q+ 60. Kh2 Qd3 61. Kg1 Qd2 62. Kh1
e4 63. Kg1 e3 64. Kf1 e2+ 65. Kf2 e1=Q+ 66. Kf3 Qdf2+ 67. Kg4 Qeg1+ 68. Kh5 Qfh2#
 0-1

[Event "British Chess Championships 2023: U12 Championship"]
[Site "The Venue, De Montfort University, 20 Western Boulevard, Leicester, LE2 7BU"]
[Date "2023.07.29"]
[Round "7"]
[Board "31"]
[White "Bedford, Henry"]
[Black "Ding, Yicheng"]
[Result "0-1"]
[WhiteElo "1025"]
[BlackElo "944"]
[PlyCount "76"]
[EventDate "2023.07.25"]
[EventRounds "7"]
[EventCountry "ENG"]

1. e4 c5 2. Nf3 d6 3. Nc3 Nf6 4. d4 cxd4 5. Nxd4 a6 6. Bc4 e6 7. Bg5 Be7 8. O-O b5
9. Bd3 Bb7 10. Re1 h6 11. Be3 Qc7 12. f4 Nbd7 13. Nf3 O-O 14. Bd4 d5 15. e5 Nh7 16.
Bxh7+ Kxh7 17. Qd3+ Kg8 18. Ne2 f5 19. exf6 Nxf6 20. Ne5 Ne4 21. Ng3 Bc5 22. Bxc5
Qxc5+ 23. Qe3 Rxf4 24. Qxc5 Nxc5 25. Ng6 Rf6 26. Ne7+ Kf7 27. Nh5 Kxe7 28. Nxf6 gxf6
29. b4 Ne4 30. a4 bxa4 31. Rxa4 Rc8 32. Rc1 Nc3 33. Raa1 Ne2+ 34. Kf1 Nxc1 35. Rxc1
Rc4 36. Rb1 Rxc2 37. b5 axb5 38. Rxb5 Ba6  0-1